Current State of the Insurance Sector of Slovakia and Its Ethics Aspects
Legislatívne a etické prostredie trhu s poistením. Konkurencieschopnosť poistenej firmy a etické konanie v podnikateľskom sektore. Aplikácia etických noriem v poistnom trhu je hlavnou výzvou pre dlhodobú prosperitu a ekonomický rast.
Gespeichert in:
| 1. Verfasser: | |
|---|---|
| Format: | Buchkapitel |
| Sprache: | Englisch |
| Schlagworte: | |
| Tags: |
Keine Tags, Fügen Sie das erste Tag hinzu!
|
MARC
| LEADER | 00000nla a2200000 4500 | ||
|---|---|---|---|
| 001 | 0183730 | ||
| 005 | 20240502083432.5 | ||
| 041 | 0 | |a eng | |
| 044 | |a CH | ||
| 245 | 1 | 0 | |a Current State of the Insurance Sector of Slovakia and Its Ethics Aspects |c Jitka Meluchová |
| 520 | |a Legislatívne a etické prostredie trhu s poistením. Konkurencieschopnosť poistenej firmy a etické konanie v podnikateľskom sektore. Aplikácia etických noriem v poistnom trhu je hlavnou výzvou pre dlhodobú prosperitu a ekonomický rast. | ||
| 610 | 2 | 0 | |a etika |
| 610 | 2 | 0 | |a trh poistný |
| 610 | 2 | 0 | |a zodpovednosť podniku spoločenská |
| 610 | 2 | 0 | |a Slovensko |
| 610 | 2 | 0 | |a poistenie |
| 100 | 1 | |a Meluchová, Jitka, 1965- | |